01504nam a2200277 a 450000100100000000500170001000800410002704000250006808200210009310000340011424501030014826000610025130000360031250000640034850000350041250400740044750400310052165000550055265000380060765100840064591000380072995201990076795201190096695201240108599900170120900002696120240409073641.0110328s1987 dr ac 001 0 spa d aDO-SdBNPbspacBNPHU a972.93053bV422u1 aVega, Bernardo,d1938 -9322213aUn interludio de tolerancia :bel acuerdo de Trujillo con los comunistas en 1946 /cBernardo Vega. aSanto Domingo :bFundación Cultural Dominicana,c1987. a514 p. :bil., retrs. ;c27 cm. aIncluye datos biográficos del autor en la contracubierta. aIncluye índice onomástico. aIncluye referencias bibliográficas y notas la pie de las páginas. aBibliografía: p.487-488. 4aComunismoxHistoriazRepública Dominicana954052 4aMovimientos anticomunistas954053 4aRepública DominicanaxPolítica Y GobiernoyERA DE TRUJILLO, 1930-196191374 aValidado. Control de calidad EMS. 001054708DSaGRbGRcHDd2019-06-18iLF1l0o972.93053 V422up26961-30r2020-06-25te.3w2020-06-25yLFDSzPerteneció a la biblioteca personal de la familia Reyes Duluc.ZPréstamo en sala 0010718PDaPDbPDcHDd2011-03-28iLF1l0o972.93053 V422up26961-10r2020-06-25w2020-06-25yLFPDZNo se presta 0010718PDaPDbPDcHDd2011-04-04iLF1l0o972.93053 V422up26961-20r2020-06-25te.2w2020-06-25yLFPDZNo se presta c26453d26453